| 000 | 00562nam a22001937a 4500 | ||
|---|---|---|---|
| 005 | 20170629112220.0 | ||
| 010 | _aENG-119027 | ||
| 020 |
_a9789383838752 _c695.00 |
||
| 035 | _aEN-102559 | ||
| 037 | _bDBAD/PUB | ||
| 082 | _a523.1 | ||
| 100 | _aBal Gangadhar Tilak | ||
| 245 |
_aOrion : _cby Bal Gangadhar Tilak _bor antiquity of the Vedas / |
||
| 260 |
_aDelhi _bShivalik Prakashan _c2014 |
||
| 270 |
_a27/16, Shakti Nagar _bDelhi _e110007 |
||
| 300 |
_avi,208p. _c22cm(Hb) |
||
| 500 | _aIncludes index | ||
| 942 |
_2ddc _cEN _h523.1 _mBAL |
||
| 999 |
_c142134 _d142134 |
||